<?xml version="1.0" encoding="UTF-8"?>
<record
    xmlns:xsi="http://www.w3.org/2001/XMLSchema-instance"
    xsi:schemaLocation="http://www.loc.gov/MARC21/slim http://www.loc.gov/standards/marcxml/schema/MARC21slim.xsd"
    xmlns="http://www.loc.gov/MARC21/slim">

  <leader>00701nam a22001697a 4500</leader>
  <controlfield tag="008">240507b        |||||||| |||| 00| 0 eng d</controlfield>
  <datafield tag="020" ind1=" " ind2=" ">
    <subfield code="a">9789937838016</subfield>
  </datafield>
  <datafield tag="041" ind1=" " ind2=" ">
    <subfield code="a">Nep</subfield>
  </datafield>
  <datafield tag="082" ind1=" " ind2=" ">
    <subfield code="a">N895.511/Gu959s</subfield>
  </datafield>
  <datafield tag="100" ind1=" " ind2=" ">
    <subfield code="a">&#x917;&#x941;&#x930;&#x941;&#x919;&#x94D;&#x917;, &#x930;&#x93E;&#x92E;&#x92C;&#x939;&#x93E;&#x926;&#x941;&#x930; &#x924;&#x947;&#x932;&#x948;&#x91C;&#x93E; </subfield>
  </datafield>
  <datafield tag="245" ind1=" " ind2=" ">
    <subfield code="a">&#x938;&#x92E;&#x925;&#x93F;&#x919;&#x94D;&#x917; &#x915;&#x935;&#x93F;&#x924;&#x93E; &#x938;&#x919;&#x94D;&#x917;&#x94D;&#x930;&#x939;/ &#x930;&#x93E;&#x92E;&#x92C;&#x939;&#x93E;&#x926;&#x941;&#x930; &#x924;&#x947;&#x932;&#x948;&#x91C;&#x93E; &#x917;&#x941;&#x930;&#x941;&#x919;&#x94D;&#x917;</subfield>
  </datafield>
  <datafield tag="260" ind1=" " ind2=" ">
    <subfield code="a">&#x92B;&#x93F;&#x926;&#x93F;&#x92E;&#x903;</subfield>
    <subfield code="b">&#x924;&#x93E;&#x930;&#x93E; &#x917;&#x941;&#x930;&#x941;&#x919;&#x94D;&#x917;,</subfield>
    <subfield code="c">&#x968;&#x966;&#x96C;&#x96D;&#x935;&#x93F;.</subfield>
  </datafield>
  <datafield tag="300" ind1=" " ind2=" ">
    <subfield code="a">&#x96C;&#x96A;&#x92A;&#x943;.</subfield>
  </datafield>
  <datafield tag="650" ind1=" " ind2=" ">
    <subfield code="a">&#x928;&#x947;&#x92A;&#x93E;&#x932;&#x940; &#x938;&#x93E;&#x939;&#x93F;&#x924;&#x94D;&#x92F;</subfield>
  </datafield>
  <datafield tag="650" ind1=" " ind2=" ">
    <subfield code="a">&#x928;&#x947;&#x92A;&#x93E;&#x932;&#x940; &#x915;&#x935;&#x93F;&#x924;&#x93E; &#x938;&#x902;&#x917;&#x94D;&#x930;&#x939;</subfield>
  </datafield>
  <datafield tag="942" ind1=" " ind2=" ">
    <subfield code="2">ddc</subfield>
    <subfield code="c">ISBN</subfield>
  </datafield>
  <datafield tag="999" ind1=" " ind2=" ">
    <subfield code="c">112860</subfield>
    <subfield code="d">112848</subfield>
  </datafield>
  <datafield tag="952" ind1=" " ind2=" ">
    <subfield code="0">0</subfield>
    <subfield code="1">0</subfield>
    <subfield code="2">ddc</subfield>
    <subfield code="4">0</subfield>
    <subfield code="7">0</subfield>
    <subfield code="a">TUCL</subfield>
    <subfield code="b">TUCL</subfield>
    <subfield code="d">2024-05-07</subfield>
    <subfield code="l">0</subfield>
    <subfield code="o">N895.511/Gu959s</subfield>
    <subfield code="p">IS19459</subfield>
    <subfield code="r">2024-05-07 10:01:06</subfield>
    <subfield code="w">2024-05-07</subfield>
    <subfield code="y">ISBN</subfield>
  </datafield>
</record>
